000 00573nam a2200181Ia 4500
003 IN-BaIIA
008 211028s9999 xx 000 0 eng d
040 _cIIA Library
080 _a047.1:621.3.029.6
_bAIM-3
245 0 _aAdvances in microwaves
_bvol. 3
_cedited by Leo Young
260 _aNew York
_bAcademic Press
_c1968
300 _axiii, 450p.
650 _aAstronomy and Astrophysics Thesaurus
650 _aMicrowaves
_92747
650 _aSubmillimeter Waves
_95202
700 _aYoung, Leo, ed.
_95203
942 _cBK
999 _c3132
_d3132